Rese talk

Bibliographic Details
Main Author: Pernecký, Ján, 1982- (Author)
Format: Article
Language:Slovak
PhysicalDescription:Fotogr.
ISSN:1336-0264
Subjects:

MARC

LEADER 00000nab a2200000 a 4500
001 vtls010093339
003 SK-MaSNL
005 20260304162716.0
008 250507c2010 xo mr|p|||||||000 b|slo
015 |a SNBRB2010/05  |2 snkbucl 
035 |a urn:nbn:sk:snk-ab85o5 
035 |a (urnnbn)urn:nbn:sk:snk:ar-006gsk 
035 |a (uuid)31c95a9f-f212-4840-8e3a-82b6194aade9 
038 |a SNKBUCL 
040 |a SNKBUCL  |b slo  |c SNKBUCL  |e AACR2 
041 0 |a slo 
044 |a xo  |c SK 
080 |a 78:061.3  |x (437.6)  |2 2001 
100 1 |a Pernecký, Ján,  |d 1982-  |4 aut  |9 151971 
245 1 0 |a Rese talk  |c Ján Pernecký 
300 |b Fotogr. 
500 |a (Organizátori: Ján Pernecký, Jana Styková) 
610 2 7 |a Rese talk (architektonický projekt)  |2 snkbucl  |9 1488655 
648 7 |a 16.3.2010  |2 snkbucl  |9 1488656 
650 0 7 |a architektúra  |2 snkbucl  |9 722 
655 7 |a diskusné fórum  |2 snkbucl  |9 1488657 
700 1 |a Brádňanský, Benjamín,  |d 1976-  |4 ive  |9 622957 
700 1 |a Halada, Vít,  |d 1980-  |4 ive  |9 119352 
773 0 |t Fórum architektúry  |g Roč. XX, č. 4 (2010), s.  |x 1336-0264 
850 |a Slovenská národná knižnica 
852 |a Slovenská národná knižnica 
954 |a odborná, vedecká literatúra pôvodná (slovenská)  |2 lita 
958 |a article9 
958 |a OND 
958 |a EUIPO 
999 |c 2975310  |d 2977240